Statistiques concernant Culture Générale - Série 1599

Cliquez ici pour prendre le quiz!

Statistiques générales

  • Ce quiz a été pris 124 fois
  • Le résultat moyen est 8 sur 10

Statistiques - réponses

QuestionRéponse% Correct
De quel pays Stockholm est-elle la capitale ?Suède
99%
Quel roi des Francs fut sacré empereur en l'an 800 ?Charlemagne
96%
Quelle principauté est surnommée "le Rocher" ?Monaco
96%
En géométrie, dans un triangle rectangle, "le carré de l'hypoténuse est égal à la somme des carrés des deux autres côtés" : c'est le théorème de ...Pythagore
96%
Quel avion de ligne supersonique a effectué son dernier vol commercial, le 24 octobre 2003 ?Concorde
87%
En géométrie, combien de côtés un hendécagone possède-t-il ?11
77%
En 1968, qui chantait "L'Opportuniste" ?Jacques Dutronc
67%
De quelle langue provient le mot "radar" ?anglais
59%
Quel diplomate français a dirigé les travaux de percement du canal de Suez ?Ferdinand de Lesseps
50%
Quel homme d'État publie "Le Fil de l'épée" en 1932 et "Vers l'armée de métier" en 1934 ?Charles de Gaulle
44%

Distribution des résultats

Percentile par nombre de réponses

% des personnes avec chaque résultat

Votre développement - résultats

Vous n’avez pas pris ce quiz